[Event "Ermont op 1st"]
[Site "Ermont"]
[Date "2009.05.10"]
[Round "5"]
[White "Shoker, Samy"]
[Black "Pozdnjakov, Evgueniy"]
[Result "1-0"]
[WhiteElo "2404"]
[BlackElo "2263"]
[PlyCount "75"]
[EventDate "2009.05.08"]
[EventType "swiss"]
[EventRounds "6"]
[EventCountry "FRA"]
[SourceTitle "EXT 2011"]
[Source "ChessBase"]
[SourceDate "2010.11.26"]
[SourceVersion "1"]
[SourceVersionDate "2010.11.26"]
[SourceQuality "1"]

1. g3 d5 2. Bg2 e5 3. d3 Nf6 4. Nf3 Nc6 5. 0-0 Be7 6. c3 a5 7. Qc2 0-0 8. Nbd2 h6 9. b3 Be6 10. Bb2 Nd7 11. a3 f5 12. c4 d4 13. e3 dxe3 14. fxe3 Bf6 15. d4 exd4 16. exd4 Ne7 17. d5 Bxb2 18. Qxb2 Bf7 19. Nd4 g6 20. Rae1 Ra6 21. Qc3 c5 22. Nb5 Nc8 23. Qe3 Kg7 24. g4 Rf6 25. gxf5 Rxf5 26. Ne4 b6 27. Qc3+ Kh7 28. Bh3 Qh4 29. Bxf5 gxf5 30. Ng3 f4 31. Qg7+ Kxg7 32. Nf5+ Kf6 33. Nxh4 Kg5 34. Nf3+ Kf5 35. Rf2 Bh5 36. Re6 Rf6 37. Nc7 Nd6 38. Nh4+ 1-0

[Event "Paris-ch op-A"]
[Site "Paris"]
[Date "2008.06.29"]
[Round "2"]
[White "Pozdnjakov, Evgueniy"]
[Black "Ider, Borya"]
[Result "1-0"]
[WhiteElo "2244"]
[BlackElo "2074"]
[PlyCount "149"]
[EventDate "2008.06.28"]
[EventType "swiss"]
[EventRounds "9"]
[EventCountry "FRA"]
[SourceTitle "CBM 125 Extra"]
[Source "ChessBase"]
[SourceDate "2008.09.01"]
[SourceVersion "1"]
[SourceVersionDate "2008.09.01"]
[SourceQuality "1"]

1. d4 d5 2. Nf3 Nc6 3. Bf4 Bg4 4. Nbd2 e6 5. c3 Bd6 6. e3 Nf6 7. Qa4 0-0 8. Bb5 Ne7 9. Bg5 Ng6 10. Bd3 Bh5 11. h3 Bxf3 12. Nxf3 h6 13. Bxg6 fxg6 14. Bxf6 Qxf6 15. Qc2 Qf5 16. 0-0-0 b5 17. Rd2 b4 18. c4 c6 19. c5 Qxc2+ 20. Kxc2 Bc7 21. Re2 Kf7 22. e4 a5 23. Rhe1 Rfe8 24. Kd3 a4 25. exd5 exd5 26. Rxe8 Rxe8 27. Rxe8 Kxe8 28. Ne1 Kd7 29. b3 axb3 30. axb3 Ke6 31. Ke3 Bd8 32. Nd3 Bg5+ 33. f4 Bf6 34. Nxb4 Kd7 35. Nd3 g5 36. Ne5+ Kc7 37. Nf3 Kb7 38. fxg5 hxg5 39. Ne5 Kc7 40. Nd3 Kb7 41. Nb4 g4 42. hxg4 g5 43. Na2 Ka6 44. Kd3 Kb5 45. Kc3 Bd8 46. b4 Bf6 47. Nc1 Bd8 48. Nd3 Be7 49. Ne5 Bf6 50. Nf7 Be7 51. Nd6+ Ka6 52. b5+ cxb5 53. Kb4 Bd8 54. Nxb5 Bf6 55. Nc7+ Kb7 56. Nxd5 Bxd4 57. Kb5 Bg1 58. c6+ Kc8 59. Kc4 Bf2 60. Kd3 Bc5 61. Ke4 Ba3 62. Kf5 Bc1 63. Ke6 Ba3 64. Nc3 Bc5 65. Ne4 Be3 66. Kf5 Kc7 67. Nxg5 Kxc6 68. Ne6 Kd6 69. Kf6 Bc1 70. g5 Bb2+ 71. Kf7 Ke5 72. g4 Ke4 73. g6 Bh8 74. g7 Bxg7 75. Kxg7 1-0

[Event "Champigny sur Marne op 6th"]
[Site "Champigny sur Marne"]
[Date "2006.02.19"]
[Round "5"]
[White "Verdier, Patrice"]
[Black "Pozdnjakov, Evgueniy"]
[Result "1-0"]
[WhiteElo "2243"]
[BlackElo "2236"]
[PlyCount "63"]
[EventDate "2006.02.16"]
[EventType "swiss"]
[EventRounds "6"]
[EventCountry "FRA"]
[SourceTitle "EXT 2007"]
[Source "ChessBase"]
[SourceDate "2006.11.23"]
[SourceVersion "1"]
[SourceVersionDate "2006.11.23"]
[SourceQuality "1"]

1. d4 d5 2. c4 c6 3. Nf3 Nf6 4. e3 Bf5 5. cxd5 Nxd5 6. Nc3 Nxc3 7. bxc3 e6 8. Qb3 Qb6 9. Bc4 Nd7 10. 0-0 Qxb3 11. Bxb3 Bd6 12. Re1 Bd3 13. e4 c5 14. Ba3 Be7 15. Bb2 0-0 16. a4 cxd4 17. cxd4 Rfc8 18. Rad1 Bc2 19. Bxc2 Rxc2 20. Rb1 Bb4 21. Red1 a5 22. d5 exd5 23. exd5 Rd8 24. Nd4 Rc4 25. Ne6 fxe6 26. dxe6 Re4 27. Rxd7 Rxd7 28. exd7 Be7 29. Bc3 Rxa4 30. Rxb7 Rc4 31. Rb8+ Kf7 32. Rc8 1-0

[Event "Paris-ch opA"]
[Site "Paris"]
[Date "2004.07.09"]
[Round "7"]
[White "Patterson, Roger"]
[Black "Pozdnjakov, Evgueniy"]
[Result "1-0"]
[WhiteElo "2187"]
[BlackElo "2267"]
[PlyCount "57"]
[EventDate "2004.07.03"]
[EventType "swiss"]
[EventRounds "9"]
[EventCountry "FRA"]
[SourceTitle "EXT 2005"]
[Source "ChessBase"]
[SourceDate "2004.11.15"]
[SourceVersion "1"]
[SourceVersionDate "2004.11.15"]
[SourceQuality "1"]

1. e4 e6 2. d4 d5 3. Nc3 Nf6 4. e5 Nfd7 5. f4 c5 6. Nf3 Nc6 7. Ne2 Qb6 8. c3 f6 9. a3 a5 10. b3 Be7 11. g3 0-0 12. Bg2 cxd4 13. cxd4 fxe5 14. fxe5 Ndxe5 15. dxe5 Nxe5 16. Rf1 Nxf3+ 17. Rxf3 Rxf3 18. Bxf3 Bc5 19. Nf4 Bd7 20. Ra2 Bb5 21. Be2 Bc6 22. Bg4 Bd4 23. Bxe6+ Kh8 24. Qh5 Bc3+ 25. Kf1 Qb5+ 26. Kg2 g5 27. Ng6+ Kg7 28. Bxg5 d4+ 29. Kh3 1-0

[Event "Paris-ch opA"]
[Site "Paris"]
[Date "2004.07.04"]
[Round "2"]
[White "Pozdnjakov, Evgueniy"]
[Black "Frayssinet, Frank"]
[Result "1/2-1/2"]
[WhiteElo "2267"]
[BlackElo "2037"]
[PlyCount "74"]
[EventDate "2004.07.03"]
[EventType "swiss"]
[EventRounds "9"]
[EventCountry "FRA"]
[SourceTitle "EXT 2005"]
[Source "ChessBase"]
[SourceDate "2004.11.15"]
[SourceVersion "1"]
[SourceVersionDate "2004.11.15"]
[SourceQuality "1"]

1. d4 Nf6 2. Nf3 d5 3. e3 Bf5 4. c4 c6 5. cxd5 cxd5 6. Qb3 Qb6 7. Qxb6 axb6 8. Nc3 e6 9. Nb5 Na6 10. Bd2 Be7 11. Rc1 0-0 12. Nh4 Bg4 13. h3 Bh5 14. g4 Ne4 15. Nf3 Bg6 16. h4 Rfc8 17. Nc3 Nb4 18. a3 Nxc3 19. Rxc3 Rxc3 20. Bxc3 Be4 21. Be2 Na2 22. Bd2 Rc8 23. Bd1 b5 24. Rh3 Bxf3 25. Bxf3 Rc2 26. e4 dxe4 27. Bxe4 Rxb2 28. Bxb7 b4 29. axb4 Bxb4 30. Bxb4 Nxb4 31. Be4 Nc2+ 32. Bxc2 Rxc2 33. h5 Kf8 34. Ra3 Rc4 35. Ra8+ Ke7 36. Ra7+ Ke8 37. Ra8+ Ke7 1/2-1/2

[Event "Cap d'Agde op"]
[Site "Cap d'Agde"]
[Date "2003.10.24"]
[Round "2"]
[White "Bagheri, Amir"]
[Black "Pozdnjakov, Evgueniy"]
[Result "1-0"]
[WhiteElo "2541"]
[BlackElo "2222"]
[PlyCount "51"]
[EventDate "2003.10.23"]
[EventType "swiss"]
[EventRounds "9"]
[EventCountry "FRA"]
[SourceTitle "EXT 2004"]
[Source "ChessBase"]
[SourceDate "2003.11.25"]
[SourceVersion "1"]
[SourceVersionDate "2003.11.25"]
[SourceQuality "1"]

1. d4 d5 2. Nf3 c6 3. Bf4 Qb6 4. Qc1 Nf6 5. e3 Bf5 6. c4 e6 7. Nc3 Nh5 8. c5 Qa5 9. Bg5 h6 10. Bh4 g5 11. Bg3 Nxg3 12. hxg3 Bg7 13. Qd2 Nd7 14. Bd3 Bxd3 15. Qxd3 e5 16. Qf5 Qc7 17. 0-0-0 e4 18. Nd2 Nf6 19. f3 Qxg3 20. fxe4 dxe4 21. Ncxe4 Nxe4 22. Qxe4+ Kf8 23. Rdf1 Re8 24. Qf5 Kg8 25. Qxf7+ Kh7 26. Rf6 1-0